| 000 | 00660nam a22002297a 4500 | ||
|---|---|---|---|
| 999 |
_c2998 _d2998 |
||
| 003 | AR-CdUCM | ||
| 008 | 190305b ||||| |||| 00| 0 spa d | ||
| 040 |
_aMUNICIPALIDAD PROVINCIAL DEL CUSCO _cBIBLIOTECA MUNICIPAL DEL CUSCO |
||
| 082 |
_a869.56 / _bC62 |
||
| 100 |
_aCifre, Loureiro _910229 |
||
| 245 | _aEl Hombre y la... Critica / | ||
| 260 |
_aLima : _c1990. |
||
| 300 |
_a128 paginas ; _bIlustraciones, _c17cm. |
||
| 500 | _aEnsayos | ||
| 650 |
_aEnsayos Peruanos _910230 |
||
| 650 |
_aSiglo XX _98 |
||
| 650 |
_aPeru _9429 |
||
| 650 |
_aLiteratura _9416 |
||
| 700 |
_aLoureiro Farromeque, Alfredo _910231 |
||
| 942 |
_2ddc _cLIBROS |
||
| 945 | _apjha | ||